Thinking through the Bible; vol. IV. (Record no. 16204)

000 -LEADER
fixed length control field 00633nam a2200193 a 4500
001 - CONTROL NUMBER
control field :::00018972$&:&@@
003 - CONTROL NUMBER IDENTIFIER
control field OkBaRHE
005 - DATE AND TIME OF LATEST TRANSACTION
control field 20010119110824.0
008 - FIXED-LENGTH DATA ELEMENTS--GENERAL INFORMATION
fixed length control field s1944 j 000 0 eng u
040 ## - CATALOGING SOURCE
Transcribing agency
100 1# - MAIN ENTRY--PERSONAL NAME
Personal name McNicol, John.
245 10 - TITLE STATEMENT
Title Thinking through the Bible; vol. IV.
260 ## - PUBLICATION, DISTRIBUTION, ETC. (IMPRINT)
Place of publication, distribution, etc Toronto, Ontario, CAN., :
Name of publisher, distributor, etc The Upper Canada Tract and Book Society
Date of publication, distribution, etc c1944
300 ## - PHYSICAL DESCRIPTION
Extent 322 p.
650 ## - SUBJECT ADDED ENTRY--TOPICAL TERM
Topical term or geographic name as entry element Bible
General subdivision Handbooks, Manuals, etc.
650 ## - SUBJECT ADDED ENTRY--TOPICAL TERM
Topical term or geographic name as entry element Bible
General subdivision Study
-- Outlines, Syllabi, etc.
942 ## - ADDED ENTRY ELEMENTS (KOHA)
Source of classification or shelving scheme
Koha item type Books
Copies
Damaged status Shelving location Full call number Withdrawn status Source of classification or shelving scheme Permanent Location Lost status Price effective from Date last seen Date acquired Not for loan Copy number Koha item type Barcode
 General StacksBS 591 .M169  RHEMA Bible Training College 2010-04-142018-03-122010-04-14 1Books18972